Torschützenliste der Serie A 2023-2024 - Statistiken

Allgemein
  • Dieses Quiz wurde 32 mal gespielt
  • Das Durchschnittsergebnis liegt bei 9 aus 10
Antwortstatistiken
Tore Nationalität Verein Spieler % Korrekt
24 Agrentinien Inter Mailand Lautaro Martínez
100%
15 Frankreich AC Mailand Olivier Giroud
100%
15 Nigeria SSC Neapel Victor Osimhen
100%
16 Serbien Juventus Turin Dušan Vlahović
97%
13 Türkei Inter Mailand Hakan Çalhanoğlu
91%
12 Belgien AS Rom Romelu Lukaku
91%
12 Frankreich Inter Mailand Marcus Thuram
88%
13 Argentinien AS Rom Paulo Dybala
88%
12 Kolumbien FC Turin Duván Zapata
66%
14 Island CFC Genua Albert Guðmundsson
34%
Keine übereinstimmenden Quizze gefunden
Verteilung der Resultate
Anzahl Personen mit jedem Resultat
Perzentil nach korrekt beantworteten Fragen
Ihre Resultats-Entwicklung
Sie haben dieses Quiz noch nicht gespielt